000 00615nam a2200181Ia 4500
008 090630s9999 xx 000 0 und d
082 _b27276
100 _aदिवाण वृंदा.
245 _aहा खेळ सुरांचा.
_cदिवाण वृंदा.
260 _bविद्यार्थी.
_c2006
300 _a175
600 _aदिवाण वृंदा.
630 _aहा खेळ सुरांचा.
655 _aकादंबरी.
700 _aदिवाण वृंदा.
730 _aहा खेळ सुरांचा.
942 _cBOOK
999 _c279132
_d279132